MARC

Tag First Indicator Second Indicator Subfields
LEADER 00000cam a2200000 a 4500
001 in00001407586
005 20151020062235.0
008 881114s1985 enk b 001 0 spa
010 |a  86179001  
015 |a GB86-28805 
019 |a 13136851 
020 |a 0729302075 
035 |a (OCoLC)18906775 
035 |9 AHP1037AM 
040 |a DLC  |c DLC  |d UKM  |d TXA  |d UtOrBLW 
049 |a TXAM 
050 0 0 |a PQ8496.D38  |b M534 1985 
082 0 0 |a 861/.1  |2 19 
100 1 |a Colombí-Monguió, Alicia de. 
245 1 0 |a Petrarquismo peruano, Diego Dávalos y Figueroa y la poesía de la Miscelánea Austral /  |c Alicia de Colombí-Monguió. 
264 1 |a London :  |b Tamesis Books,  |c [1985] 
264 4 |c ©1985 
300 |a 217 pages ;  |c 24 cm. 
336 |a text  |b txt  |2 rdacontent 
337 |a unmediated  |b n  |2 rdamedia 
338 |a volume  |b nc  |2 rdacarrier 
490 1 |a Colección Támesis. Serie A, Monografias ;  |v 99 
504 |a Includes bibliographical references and index. 
600 1 0 |a Dávalos y Figueroa, Diego,  |d approximately 1550-approximately 1608.  |t Miscelánea Austral. 
600 1 0 |a Dávalos y Figueroa, Diego,  |d approximately 1550-approximately 1608  |x Criticism and interpretation. 
650 0 |a Petrarchism. 
653 |a Poetry in Spanish  |a Peruvian writers  |a Dávalos y Figueroa, Diego - Critical studies - Spanish texts 
830 0 |a Colección Támesis.  |n Serie A,  |p Monografías ;  |v 99. 
948 |a c:rd 
999 |a MARS 
999 f f |s 97d3ad9f-d5de-31dd-90dc-5a1fac35c3b0  |i 0f2fd8a6-975b-365e-a0e7-9e83344a40f9  |t 0 
952 f f |p normal  |a Texas A&M University  |b College Station  |c Sterling C. Evans Library  |d Evans: Library Stacks  |t 0  |e PQ8496.D38 M534 1985  |h Library of Congress classification  |i unmediated -- volume  |m A14823384129 
998 f f |a PQ8496.D38 M534 1985  |t 0  |l Evans: Library Stacks